The Essence of financial management (Record no. 3357)
[ view plain ]
| 000 -LEADER | |
|---|---|
| fixed length control field | 00857nam a2200193 4500 |
| 020 ## - INTERNATIONAL STANDARD BOOK NUMBER | |
| ISBN | 9780132847872 |
| 050 ## - CALL NUMBER | |
| Classification number | HG4026 |
| Item number | .M93 |
| 100 ## - AUTHOR | |
| Personal name | David Roderic Myddelton |
| 245 ## - TITLE | |
| Title | The Essence of financial management |
| Statement of responsibility, etc | D.R. Myddelton. |
| 260 ## - PUBLICATION INFORMATION | |
| Place of publication | New York [N.Y.] : |
| Name of publisher | Prentice-Hall, |
| Year of publication | 1995. |
| 300 ## - DESCRIPTION | |
| Number of Pages | xi, 196 p. ; |
| Other physical details | ill; |
| Dimensions | 23 cm. |
| 440 ## - SERIES | |
| SERIES | Essence of management. |
| 500 ## - NOTES | |
| General note | Includes index |
| 505 ## - FORMATTED CONTENTS NOTE | |
| Table of Content | 1. Introduction --<br/>2. Interest rates --<br/>3. Cash --<br/>4. Working capital --<br/>5. Basic capital project appraisal --<br/>6. Capital project appraisal refinements --<br/>7. Borrowing --<br/>8. Ordinary shares --<br/>9. Valuing equity --<br/>10. Corporate finance --<br/>11. Mergers and reconstructions. |
| 650 ## - SUBJECTS | |
| Topical Term | Business enterprises -- . |
| General subdivision | Finance |
| 650 ## - SUBJECTS | |
| Topical Term | Corporations -- |
| General subdivision | Finance. |
| 650 ## - SUBJECTS | |
| Topical Term | Financieel management. |
| 942 ## - ADDED ENTRY ELEMENTS (KOHA) | |
| Koha item type | Books |
| Withdrawn status | Lost status | Collection code | Home library | Current library | Shelving location | Date acquired | Full call number | Accession Number | Koha item type |
|---|---|---|---|---|---|---|---|---|---|
| Reference | Methodist University Library Main | Methodist University Library Main | General Stacks | 21/12/1999 | HG4026 .M93 | 16570 | Books | ||
| Methodist University Library Main | Methodist University Library Main | General Stacks | 21/12/1999 | HG4026 .M93 | 13790 | Books | |||
| Methodist University Library Main | Methodist University Library Main | General Stacks | 29/12/1999 | HG4026 .M93 | 13789 | Books |